000 01215nam0a22003131 4500
001 rc\4162983
005 20260408072845.0
021 _aRU
_b[49-32311]
035 _a(NLR Aleph) 008177673
090 _a7894964
_c7894964
100 _a20130415d1949 |||y0rusy50 ca
101 0 _arus
102 _aRU
105 _aa z |||||
200 1 _aРуководство бригадиру пути
_fМ-во путей сообщения
205 _a4-е изд., перераб. и доп.
210 _aМосква
_cИзд. и 1-я тип. Трансжелдориздата
_d1949
215 _a356 с., 2 л. черт.
_cил.
_d21
300 _aНа обороте тит. л. сост.: инж. Н.Н. Сорокин
320 _aБиблиогр.: с. 353
606 _aПутевое хозяйство
_2psbo
606 _aПуть (ж. д.)
_xРемонт и содержание
_2psbo
700 1 _aСорокин
_bН.Н.
_gНиколай Николаевич
_4220
712 0 1 _aСССР
_bМинистерство путей сообщения
_9627715
_3RU\NLR\AUTH\8810063067
801 0 _aRU
_bNLR
_gpsbo
801 1 _aRU
_bELAR
_2rusmarc
852 _aNLR
_jТ88 Г-3/170
942 _cBOOK
980 _aNB